| 000 | 00343cam a22001217a 4500 | ||
|---|---|---|---|
| 008 | 180718b1980 xxu||||| |||| 00| 0 eng d | ||
| 082 | _aAPPPA 79-80 BAH | ||
| 100 | _aBahadur, A.J. | ||
| 245 |
_aRole of governor _cby A.J. Bahadur |
||
| 260 |
_aNew Delhi _bIndian Institute of Public Administration _c1980 |
||
| 300 | _a172p. | ||
| 650 | _aGovernor | ||
| 999 |
_c501193 _d501193 |
||